[Event "20e tournoi de Noël"]
[Site "Montigny le Bretonneux"]
[Date "2019.12.28"]
[Round "4.18"]
[White "Vo, Bao Nam"]
[Black "Delmas, Mathis"]
[Result "1-0"]
[WhiteElo "1226"]
[BlackElo "1120"]
[Annotator "Rivier,Sylvain"]
[PlyCount "115"]
[EventDate "2019.??.??"]

{Partie italienne} 1. e4 e5 2. Nf3 Nc6 3. Bc4 Nf6 4. d3 Bc5 5. O-O d6 6. Bg5
Nd4 7. c3 h6 8. cxd4 Bxd4 9. Nxd4 exd4 10. Bh4 O-O 11. Qf3 g5 12. Qg3 Nh5 13.
Qf3 gxh4 14. Qxh5 Kh7 15. Bxf7 Rxf7 16. Qxf7+ Kh8 17. f4 h3 18. gxh3 Bxh3 19.
Rf3 Qg8+ 20. Qxg8+ Rxg8+ 21. Rg3 Bg4 22. Kg2 h5 23. Kf2 Rf8 24. f5 Re8 25. h3
Bd1 26. b3 d5 27. Nd2 h4 28. Rg5 Bc2 29. Rh5+ Kg8 30. Rg1+ Kf7 31. Rh7+ Kf8 32.
Rh8+ Ke7 33. Rxe8+ Kxe8 34. Nf3 Bxd3 35. exd5 Bxf5 36. Nxd4 Bxh3 37. Rh1 Bd7
38. Rxh4 c6 39. dxc6 bxc6 40. Rh8+ Ke7 41. Ra8 c5 42. Nf3 Bf5 43. Rxa7+ Kd6 44.
a4 Bd7 45. Nd2 Kc6 46. Ra5 Kb6 47. Rb5+ Kc6 48. Ke3 Bf5 49. Ne4 Bc8 50. Rxc5+
Kb7 51. Nd6+ Kb6 52. Rxc8 Ka7 53. Rc6 Kb8 54. Kd4 Ka8 55. Kc5 Ka7 56. Kb5 Kb8
57. Kb6 Ka8 58. Rc8# 1-0

[Event "20e tournoi de Noël"]
[Site "Montigny le Bretonneux"]
[Date "2019.12.28"]
[Round "4.20"]
[White "Tanchoux, Pierre"]
[Black "Delmas, Enzo"]
[Result "0-1"]
[WhiteElo "1322"]
[BlackElo "1070"]
[Annotator "Rivier,Sylvain"]
[PlyCount "82"]
[EventDate "2019.??.??"]

{Partie italienne} 1. e4 e5 2. Nf3 Nc6 3. Bc4 Nf6 4. d3 Bc5 5. O-O O-O 6. Re1
h6 7. Be3 Bb6 8. Nc3 d6 9. Nd5 Bg4 10. Qd2 Bxf3 11. Nxf6+ Qxf6 12. gxf3 Qxf3
13. Qe2 Qf6 14. Kh1 Ne7 15. Rg1 Ng6 16. Raf1 Qd8 17. Qd2 Qh4 18. Qe2 Qd8 19.
Rg3 Qe8 20. Qh5 Kh7 21. Rh3 Bxe3 22. fxe3 Rd8 23. c3 c5 24. Bb3 Qe7 25. Bd1 Qe6
26. b3 b6 27. Bg4 Qe8 28. Bf5 Rd7 29. Rg3 Kg8 30. Rfg1 Re7 31. h4 Re6 32. Qg4
Rf6 33. h5 Kh7 34. hxg6+ fxg6 35. Qh5 Kg8 36. Bxg6 Rxg6 37. Rxg6 Kh8 38. Qg5
hxg5 39. R6xg5 Rf3 40. Rxg7 Qh5+ 41. Kg2 Qh3# 0-1

[Event "20e tournoi de Noël"]
[Site "Montigny le Bretonneux"]
[Date "2019.12.29"]
[Round "5.1"]
[White "Fruchard, Cyrille"]
[Black "Imbert, Christophe"]
[Result "1-0"]
[WhiteElo "2283"]
[BlackElo "1955"]
[Annotator "Rivier,Sylvain"]
[PlyCount "61"]
[EventDate "2019.??.??"]

{Défense est-indienne, variante Taïmanov} 1. d4 Nf6 2. c4 g6 3. Nf3 Bg7 4. Nc3
d6 5. e4 O-O 6. Be2 e5 7. O-O Nc6 8. d5 Ne7 9. b4 Nh5 10. Re1 a5 11. Ba3 axb4
12. Bxb4 f5 13. c5 fxe4 14. Nxe4 Rf4 15. cxd6 cxd6 16. Nfd2 Nf6 17. Bf3 Nexd5
18. Bxd6 Ne8 19. Nc4 Nxd6 20. Nexd6 Rd4 21. Bxd5+ Kf8 22. Qf3+ Rf4 23. Qb3 Bf6
24. Rad1 Bg4 25. f3 Bd7 26. Nb6 Ba4 27. Nxa4 Qxd6 28. Bxb7 Qb8 29. Bxa8 Qxa8
30. Nb6 Qa5 31. Nd5 1-0

[Event "20e tournoi de Noël"]
[Site "Montigny le Bretonneux"]
[Date "2019.12.29"]
[Round "5.2"]
[White "Verat-Fayolle, Celian"]
[Black "Delmas-Goyon, Francois"]
[Result "0-1"]
[WhiteElo "1881"]
[BlackElo "1916"]
[Annotator "Rivier,Sylvain"]
[PlyCount "102"]
[EventDate "2019.??.??"]

{Défense française, variante d'avance} 1. e4 c5 2. Nf3 e6 3. c3 d5 4. e5 Nc6 5.
d4 f6 6. Bb5 Bd7 7. O-O cxd4 8. cxd4 fxe5 9. Bxc6 bxc6 10. Nxe5 Nf6 11. Nd2 Bd6
12. Ndf3 O-O 13. Bg5 Qc7 14. Re1 Rab8 15. b3 Ne4 16. Rc1 Bxe5 17. dxe5 Rxf3 18.
Qxf3 Nxg5 19. Qg4 Ne4 20. Qd1 Rf8 21. Qd4 Qb6 22. Qxb6 axb6 23. f3 Nc5 24. Re3
Ra8 25. a4 Na6 26. f4 g6 27. g4 Rf8 28. Rf3 c5 29. Kf2 d4 30. Kg3 Bc6 31. Rff1
Bd5 32. a5 bxa5 33. Ra1 Rb8 34. Rxa5 Rxb3+ 35. Kh4 Rb6 36. Kg5 Kg7 37. f5 h6+
38. Kf4 g5+ 39. Kg3 Rb3+ 40. Kf2 Rb2+ 41. Ke1 Bc4 42. Rf2 Rb1+ 43. Kd2 Rb6 44.
Kc1 Bd5 45. Rb2 Nb4 46. Kd1 Bf3+ 47. Kd2 c4 48. f6+ Kf8 49. Rb1 c3+ 50. Ke1
Nd3+ 51. Kf1 Rxb1# 0-1

[Event "20e tournoi de NoÃ«l"]
[Site "Montigny le Bretonneux"]
[Date "2019.12.29"]
[Round "5.3"]
[White "Larcheveque, Francois"]
[Black "Benbakir, Chouaib"]
[Result "1-0"]
[WhiteElo "1985"]
[BlackElo "1864"]
[Annotator "Rivier,Sylvain"]
[PlyCount "105"]
[EventDate "2019.??.??"]

{DÃ©fense est-indienne, variante du fianchetto} 1. d4 Nf6 2. c4 g6 3. Nf3 Bg7
4. g3 O-O 5. Bg2 d6 6. O-O c6 7. Nc3 Bg4 8. Be3 Na6 9. Qd2 Qc7 10. Rac1 Rad8
11. Rfe1 c5 12. Nd5 Nxd5 13. cxd5 b6 14. dxc5 dxc5 15. Bh6 Qd6 16. Bxg7 Kxg7
17. Qc3+ f6 18. Qc4 Bc8 19. Qa4 Qd7 20. Qb3 Nc7 21. e4 e5 22. a4 Ba6 23. Nd2
Ne8 24. a5 Qb7 25. Qa3 Nc7 26. Qa4 Bd3 27. Rc3 b5 28. Qa2 c4 29. Rec1 Na6 30.
b3 Nb4 31. Qa3 Nc2 32. Qb2 Nd4 33. Bf1 Bxf1 34. Kxf1 Qd7 35. Kg2 Ne2 36. bxc4
Nxc1 37. Rxc1 bxc4 38. Nxc4 Rb8 39. Qd2 Rfc8 40. Ne3 Rxc1 41. Qxc1 Rc8 42. Qb2
h5 43. h4 Rc7 44. Qb4 Rb7 45. Qc3 Qc7 46. Qa3 Rb5 47. d6 Qd8 48. Nd5 Kf7 49.
Nc7 Qd7 50. Nxb5 Qxb5 51. Qa2+ Kg7 52. Qe6 Qxa5 53. Qe7+ 1-0

[Event "20e tournoi de NoÃ«l"]
[Site "Montigny le Bretonneux"]
[Date "2019.12.29"]
[Round "5.4"]
[White "Drouot, Frederic"]
[Black "Claisse, Patrick"]
[Result "1-0"]
[WhiteElo "1976"]
[BlackElo "1742"]
[Annotator "Rivier,Sylvain"]
[PlyCount "41"]
[EventDate "2019.??.??"]

{DÃ©fense GrÃ¼nfeld} 1. c4 Nf6 2. d4 g6 3. Nc3 d5 4. Nf3 Bg7 5. Bf4 c6 6. e3
O-O 7. Qc2 Nbd7 8. h3 b6 9. cxd5 Nxd5 10. Nxd5 cxd5 11. Bc7 Qe8 12. Qc6 Rb8 13.
Bxb8 Nxb8 14. Qxd5 Be6 15. Qb5 Bd7 16. Qb3 e6 17. Be2 Nc6 18. O-O Qe7 19. a3
Rd8 20. Rfd1 Be8 21. Rac1 1-0

[Event "20e tournoi de Noël"]
[Site "Montigny le Bretonneux"]
[Date "2019.12.29"]
[Round "5.5"]
[White "Chaintreau, Thomas"]
[Black "Surugue, Philippe"]
[Result "1-0"]
[WhiteElo "1565"]
[BlackElo "1867"]
[Annotator "Rivier,Sylvain"]
[PlyCount "113"]
[EventDate "2019.??.??"]

{Ouverture catalane, variante fermée} 1. d4 d5 2. Nf3 Nf6 3. c4 e6 4. g3 Ne4 5.
Nbd2 Bb4 6. a3 Bxd2+ 7. Nxd2 f5 8. h4 Nf6 9. Bg2 O-O 10. Nf3 c6 11. Ne5 Nbd7
12. Bf4 Nxe5 13. Bxe5 Ng4 14. Bf4 dxc4 15. Rc1 Qa5+ 16. Qd2 Qa6 17. e4 Nf6 18.
O-O Bd7 19. Qc2 b5 20. Bd6 Rf7 21. a4 fxe4 22. axb5 cxb5 23. Bxe4 Bc6 24. Ra1
Qb7 25. Bxc6 Qxc6 26. Bb4 Rd7 27. Rfd1 Qb7 28. Qe2 Qd5 29. Re1 Kf7 30. Ra6 Rdd8
31. Bc5 Qf5 32. Qe5 Qxe5 33. Rxe5 Rd7 34. Rxa7 Rdxa7 35. Bxa7 Nd5 36. Re1 b4
37. Rc1 c3 38. Bc5 Rb8 39. bxc3 Nxc3 40. Kf1 b3 41. Ba3 Ne4 42. Ke1 Kf6 43. g4
Ra8 44. Bb2 Ra2 45. Rb1 Kf7 46. Bc1 Rxf2 47. Rxb3 Rh2 48. Rb7+ Kf6 49. Bf4 Rh1+
50. Ke2 Nc3+ 51. Kf2 Rxh4 52. Be5+ Kg6 53. Rxg7+ Kh6 54. Kg3 Ne4+ 55. Kxh4 Ng5
56. Ra7 Nf7 57. Rxf7 1-0

[Event "20e tournoi de NoÃ«l"]
[Site "Montigny le Bretonneux"]
[Date "2019.12.29"]
[Round "5.6"]
[White "Fayolle, Guy"]
[Black "Appavou, Calixte"]
[Result "0-1"]
[WhiteElo "1676"]
[BlackElo "1734"]
[Annotator "Rivier,Sylvain"]
[PlyCount "100"]
[EventDate "2019.??.??"]

{DÃ©fense des deux cavaliers} 1. e4 e5 2. Nf3 Nc6 3. Bc4 Be7 4. c3 Nf6 5. d3 h6
6. O-O O-O 7. h3 d5 8. exd5 Nxd5 9. Re1 Bf6 10. a4 a5 11. Nbd2 Bf5 12. Ne4 Nb6
13. Nxf6+ Qxf6 14. Bb5 Rfe8 15. Bxc6 bxc6 16. d4 e4 17. Ne5 Rad8 18. Qh5 Rd5
19. Be3 Bg6 20. Qe2 Rdd8 21. Qg4 Re6 22. Nxg6 Qxg6 23. Qxg6 fxg6 24. Bf4 Nd5
25. Be5 Rb8 26. Ra2 Rbe8 27. Rxe4 c5 28. Ra3 cxd4 29. cxd4 c5 30. f4 Nf6 31.
Ree3 cxd4 32. Red3 g5 33. Bxf6 gxf6 34. fxg5 hxg5 35. Rxd4 Re2 36. Rb3 Kg7 37.
Rd5 Rc2 38. Rg3 Re1+ 39. Kh2 Rcc1 40. Rg4 Kf7 41. Rxa5 Rh1+ 42. Kg3 Rc2 43. Rb5
Rg1 44. Kf3 Rf1+ 45. Ke3 Re1+ 46. Kd3 Ree2 47. Rg3 Red2+ 48. Ke3 Re2+ 49. Kf3
Rf2+ 50. Kg4 Rf4+ 0-1

[Event "20e tournoi de NoÃ«l"]
[Site "Montigny le Bretonneux"]
[Date "2019.12.29"]
[Round "5.8"]
[White "Vadillo, Torre Ismael"]
[Black "De Lagontrie, Jean"]
[Result "1/2-1/2"]
[WhiteElo "1633"]
[BlackElo "1699"]
[Annotator "Rivier,Sylvain"]
[PlyCount "50"]
[EventDate "2019.??.??"]

{Gambit dame} 1. d4 d5 2. Nf3 Nf6 3. c4 e6 4. Nc3 Be7 5. Bf4 O-O 6. h3 a6 7.
cxd5 Nxd5 8. Bh2 Nxc3 9. bxc3 b5 10. e3 Bb7 11. Be2 Bd6 12. O-O Bxh2+ 13. Nxh2
Nd7 14. a4 bxa4 15. Qxa4 Nb6 16. Qc2 Ra7 17. c4 Qa8 18. Bf3 Bxf3 19. Nxf3 h6
20. Ra5 Nd7 21. c5 c6 22. Rfa1 Rb8 23. g3 Rb4 24. Kg2 Qb7 25. R1a2 Ra8 1/2-1/2

[Event "20e tournoi de NoÃ«l"]
[Site "Montigny le Bretonneux"]
[Date "2019.12.29"]
[Round "5.9"]
[White "Saint-Leger, Stephane"]
[Black "Sondermeijer, Antoine"]
[Result "0-1"]
[WhiteElo "1610"]
[BlackElo "1482"]
[Annotator "Rivier,Sylvain"]
[PlyCount "82"]
[EventDate "2019.??.??"]

{Gambit dame, dÃ©fense slave} 1. d4 Nf6 2. Nf3 d5 3. g3 Bf5 4. Bg2 e6 5. O-O
Nbd7 6. c4 c6 7. Nc3 Be7 8. Qb3 Qb6 9. c5 Qa6 10. Qa4 Qxa4 11. Nxa4 O-O 12. b4
a5 13. a3 axb4 14. axb4 Bc2 15. Bf4 Rxa4 16. Rxa4 Bxa4 17. Ra1 b5 18. Nd2 Nb8
19. Ra2 Na6 20. Rb2 Nh5 21. Be3 g5 22. Nf3 f6 23. h3 Ng7 24. Nh2 e5 25. f3 Nf5
26. Bf2 Nxd4 27. Bxd4 exd4 28. Ng4 Kg7 29. Kf1 Kg6 30. Ke1 h5 31. Nf2 f5 32. g4
Bf6 33. Nd3 Nc7 34. Kf2 fxg4 35. fxg4 hxg4 36. Kg3 Re8 37. Kxg4 Re3 38. Bf3 Ne6
39. Kg3 Bd1 40. Kf2 Nf4 41. Ke1 Nxd3+ 0-1

[Event "20e tournoi de NoÃ«l"]
[Site "Montigny le Bretonneux"]
[Date "2019.12.29"]
[Round "5.10"]
[White "Benbakir, Ameur"]
[Black "Fruchard, Alois"]
[Result "0-1"]
[WhiteElo "1592"]
[BlackElo "1404"]
[Annotator "Rivier,Sylvain"]
[PlyCount "42"]
[EventDate "2019.??.??"]

{DÃ©fense Pirc} 1. e4 d6 2. d4 Nf6 3. Nc3 g6 4. Be3 Bg7 5. f3 O-O 6. Qd2 Nbd7
7. g4 c5 8. d5 a6 9. h4 b5 10. h5 Ne5 11. hxg6 fxg6 12. Bh6 Rf7 13. Bxg7 Rxg7
14. O-O-O Qa5 15. b3 b4 16. Na4 Bd7 17. g5 Ne8 18. f4 Nf7 19. Bc4 Bxa4 20. bxa4
Qxa4 21. Nf3 Qa3+ 0-1

[Event "20e tournoi de NoÃ«l"]
[Site "Montigny le Bretonneux"]
[Date "2019.12.29"]
[Round "5.11"]
[White "Sanchez-Narboni, Quentin"]
[Black "Faris, Marouane"]
[Result "1-0"]
[WhiteElo "1352"]
[BlackElo "1563"]
[Annotator "Rivier,Sylvain"]
[PlyCount "93"]
[EventDate "2019.??.??"]

{Ouverture du pion dame} 1. d4 Nf6 2. Bf4 c5 3. c3 Qb6 4. Qb3 cxd4 5. Qxb6 axb6
6. Bxb8 Rxb8 7. cxd4 e6 8. Nc3 d5 9. e3 Bd7 10. Bd3 Be7 11. Nf3 O-O 12. O-O
Rfc8 13. Rfc1 Rc7 14. Rc2 Rbc8 15. Rac1 Ne8 16. Ne5 Nd6 17. Nxd5 Rxc2 18. Nxe7+
Kf8 19. Rxc2 Rxc2 20. Bxc2 Kxe7 21. Bd3 Be8 22. Kf1 h6 23. Ke2 f6 24. Nc4 Bb5
25. Nxb6 Bxd3+ 26. Kxd3 g5 27. a4 h5 28. Nc4 Nf7 29. b4 Nd8 30. b5 Kd7 31. e4
Nf7 32. h3 Nh8 33. d5 Ng6 34. Ke3 exd5 35. Nb6+ Kd6 36. Nxd5 Ke5 37. f3 Nf8 38.
Nb6 Kd6 39. Nd5 Ke5 40. f4+ gxf4+ 41. Nxf4 h4 42. Nd3+ Kd6 43. Kf4 b6 44. Kg4
Ng6 45. Kf5 Ne5 46. Nxe5 fxe5 47. Kf6 1-0

[Event "20e tournoi de NoÃ«l"]
[Site "Montigny le Bretonneux"]
[Date "2019.12.29"]
[Round "5.12"]
[White "Sondermeijer, Damien"]
[Black "Konate, Foune"]
[Result "1-0"]
[WhiteElo "1503"]
[BlackElo "1199"]
[Annotator "Rivier,Sylvain"]
[PlyCount "61"]
[EventDate "2019.??.??"]

{DÃ©fense Pirc, variante classique} 1. e4 d6 2. d4 Nf6 3. Nc3 g6 4. Bc4 Bg7 5.
Nf3 O-O 6. O-O Nc6 7. h3 Bd7 8. Be3 Qc8 9. Qd2 Bxh3 10. gxh3 Qxh3 11. Nh2 Ng4
12. f3 Qg3+ 13. Kh1 Qxh2+ 14. Qxh2 Nxh2 15. Kxh2 a6 16. Rad1 Nb4 17. Rf2 b5 18.
Bb3 c6 19. a3 Nxc2 20. Rxc2 e6 21. d5 c5 22. dxe6 c4 23. Ba2 fxe6 24. Rf2 Rad8
25. Kg2 Bf6 26. Bh6 Rf7 27. f4 Bg7 28. Bxg7 Kxg7 29. b3 Rc7 30. bxc4 Rxc4 31.
Bxc4 1-0

[Event "20e tournoi de NoÃ«l"]
[Site "Montigny le Bretonneux"]
[Date "2019.12.29"]
[Round "5.13"]
[White "Longbien, Dominique"]
[Black "Payot, Guillaume"]
[Result "1-0"]
[WhiteElo "1413"]
[BlackElo "1273"]
[Annotator "Rivier,Sylvain"]
[PlyCount "79"]
[EventDate "2019.??.??"]

{Ouverture anglaise, variante Nimzo refusÃ©e} 1. c4 Nf6 2. Nc3 e6 3. g3 d5 4.
Bg2 c6 5. cxd5 exd5 6. d4 Bf5 7. Bg5 h6 8. Bxf6 Qxf6 9. Nf3 Nd7 10. O-O Bd6 11.
Qb3 Nb6 12. a4 Rb8 13. a5 Nd7 14. Qa4 a6 15. b4 O-O 16. Rfd1 Rfe8 17. Nh4 Be6
18. e4 Qe7 19. exd5 Bxd5 20. Nxd5 cxd5 21. Nf5 Qe6 22. Bh3 Nf8 23. Nxd6 Qxd6
24. b5 axb5 25. Qxb5 Qc6 26. Qb3 Ra8 27. Rdc1 Qf6 28. Qxd5 Qd8 29. Qxb7 Qxd4
30. Ra2 Rab8 31. Qc6 Ne6 32. a6 Rbc8 33. Qxc8 Rxc8 34. Rxc8+ Kh7 35. a7 Ng5 36.
Bf1 Nf3+ 37. Kg2 Qe4 38. a8=Q Ne1+ 39. Kg1 Nf3+ 40. Kh1 1-0

[Event "20e tournoi de NoÃ«l"]
[Site "Montigny le Bretonneux"]
[Date "2019.12.29"]
[Round "5.14"]
[White "Vo, Bao Nam"]
[Black "Quenehen, Nassim"]
[Result "1/2-1/2"]
[WhiteElo "1226"]
[BlackElo "1261"]
[Annotator "Rivier,Sylvain"]
[PlyCount "51"]
[EventDate "2019.??.??"]

{Partie italienne} 1. e4 e5 2. Nf3 Nf6 3. Nc3 Nc6 4. Bc4 Bc5 5. d3 h6 6. O-O d6
7. Be3 Bb6 8. h3 Be6 9. Bxb6 axb6 10. Bb3 O-O 11. Qd2 Qd7 12. d4 Bxb3 13. axb3
Rxa1 14. Rxa1 exd4 15. Nxd4 Re8 16. Re1 d5 17. Nxc6 Qxc6 18. exd5 Rxe1+ 19.
Qxe1 Nxd5 20. Nxd5 Qxd5 21. Qe8+ Kh7 22. Qe2 Qd4 23. c3 Qd5 24. f3 Qxb3 25.
Qe4+ g6 26. Qxb7 1/2-1/2

[Event "20e tournoi de NoÃ«l"]
[Site "Montigny le Bretonneux"]
[Date "2019.12.29"]
[Round "5.15"]
[White "Artieres, Michel"]
[Black "Rafalimanana, Hary"]
[Result "1-0"]
[WhiteElo "1741"]
[BlackElo "1210"]
[Annotator "Rivier,Sylvain"]
[PlyCount "61"]
[EventDate "2019.??.??"]

{DÃ©fense Alekhine, variante des quatre pions} 1. e4 Nf6 2. e5 Nd5 3. d4 d6 4.
c4 Nb6 5. exd6 exd6 6. Nc3 Be7 7. Be3 Bf5 8. Qf3 Bg6 9. Nh3 h6 10. Nf4 Bh7 11.
Qg3 O-O 12. Nh5 Bg6 13. Nf4 Bh7 14. Be2 Nc6 15. O-O Re8 16. Nfd5 Bh4 17. Qh3
Nxd5 18. cxd5 Nb8 19. Rfe1 a6 20. a4 Nd7 21. a5 Bg5 22. Bxg5 hxg5 23. Bg4 Nf8
24. Bf5 Qf6 25. Bxh7+ Nxh7 26. Qd3 Qh6 27. Qc4 Rec8 28. Re7 c6 29. dxc6 Rxc6
30. Qxf7+ Kh8 31. Re8+ 1-0

[Event "20e tournoi de Noël"]
[Site "Montigny le Bretonneux"]
[Date "2019.12.29"]
[Round "5.16"]
[White "Beduoglu, Cassandra"]
[Black "Ries, Antoine"]
[Result "1-0"]
[WhiteElo "1130"]
[BlackElo "1313"]
[Annotator "Rivier,Sylvain"]
[PlyCount "139"]
[EventDate "2019.??.??"]

{Défense française, variante d'échange} 1. e4 e6 2. d4 d5 3. exd5 exd5 4. Nf3
Nf6 5. Be2 Bd6 6. O-O O-O 7. b3 Be6 8. Bb2 Nbd7 9. c3 Ne4 10. Bd3 Bg4 11. Qe2
Ndf6 12. Qe3 Re8 13. Bxe4 Nxe4 14. Nfd2 Nf6 15. Qd3 Qd7 16. Nf3 Bxf3 17. Qxf3
Qe6 18. Nd2 Qe2 19. Qxe2 Rxe2 20. Rad1 Rae8 21. c4 Bf4 22. Bc3 Bxd2 23. Rxd2
R2e6 24. Ba5 c6 25. Bc7 Ne4 26. Rd3 Nd6 27. c5 Nb5 28. Be5 f6 29. a4 fxe5 30.
axb5 cxb5 31. dxe5 Rxe5 32. f4 R5e7 33. Rxd5 Rc8 34. b4 Rec7 35. h3 b6 36. cxb6
axb6 37. Rxb5 Rb7 38. Rg5 Rc6 39. b5 Rc5 40. Rxc5 bxc5 41. Rb1 c4 42. Rc1 Rxb5
43. Rxc4 Rb8 44. g4 Rf8 45. f5 h6 46. Rc5 Kf7 47. Kf2 Re8 48. Rc3 Re7 49. Kg3
g6 50. Rf3 g5 51. h4 Kf6 52. hxg5+ hxg5 53. Kf2 Re4 54. Kg3 Re1 55. Rf2 Re3+
56. Rf3 Re1 57. Rc3 Rf1 58. Rc6+ Kf7 59. Rg6 Rg1+ 60. Kh3 Rh1+ 61. Kg2 Ra1 62.
Rxg5 Ra8 63. Kh3 Rh8+ 64. Rh5 Rg8 65. Kh4 Kf6 66. Rh6+ Ke5 67. f6 Kf4 68. f7
Rxg4+ 69. Kh3 Rg3+ 70. Kh2 1-0

[Event "20e tournoi de Noël"]
[Site "Montigny le Bretonneux"]
[Date "2019.12.29"]
[Round "5.17"]
[White "Delmas, Mathis"]
[Black "Montay, Jean-Paul"]
[Result "0-1"]
[WhiteElo "1120"]
[BlackElo "1298"]
[Annotator "Rivier,Sylvain"]
[PlyCount "124"]
[EventDate "2019.??.??"]

{Défense des deux cavaliers} 1. e4 e5 2. Nf3 Nc6 3. Nc3 Be7 4. Bc4 Nf6 5. d3
O-O 6. O-O d6 7. h3 Be6 8. Ng5 Bxc4 9. dxc4 Nd4 10. Nb5 Nxb5 11. cxb5 h6 12.
Nf3 Nxe4 13. Qe2 Nc5 14. Nh2 Bg5 15. Bxg5 Qxg5 16. Nf3 Qg6 17. Nh4 Qg5 18. Nf3
Qg6 19. b4 Ne6 20. g3 Nf4 21. Qe3 Nxh3+ 22. Kg2 Nf4+ 23. Kg1 Ne6 24. Nh4 Qxc2
25. Rfc1 Qa4 26. Nf3 Qxb5 27. Nh4 Qxb4 28. Rab1 Qa4 29. Rxb7 Qxa2 30. Qe4 Nc5
31. Qg4 Qe6 32. Nf5 Qf6 33. Kg2 Nxb7 34. Rh1 Kh7 35. Qe4 d5 36. Qg4 Nd6 37.
Nxd6 cxd6 38. Qd1 d4 39. Qd3+ Qg6 40. Qa6 Rfc8 41. Rh4 d3 42. Rb4 d2 43. Qe2
Rc2 44. Rb1 Rac8 45. Rd1 R8c3 46. Rxd2 Rxd2 47. Qxd2 Qd3 48. Qe3 Qxe3 49. fxe3
Rxe3 50. Kf2 Rc3 51. g4 a5 52. g5 hxg5 53. Ke2 a4 54. Kd2 Rc5 55. Kd3 a3 56.
Kd2 a2 57. Ke2 a1=Q 58. Ke3 Qd4+ 59. Kf3 Rc3+ 60. Ke2 Qd3+ 61. Kf2 Qd2+ 62. Kf1
Rc1# 0-1

[Event "20e tournoi de Noël"]
[Site "Montigny le Bretonneux"]
[Date "2019.12.29"]
[Round "5.18"]
[White "Chaintreau, Maxime"]
[Black "Boucher, Francis"]
[Result "1-0"]
[WhiteElo "1259"]
[BlackElo "1100"]
[Annotator "Rivier,Sylvain"]
[PlyCount "135"]
[EventDate "2019.??.??"]

{Gambit dame, défense slave} 1. d4 d5 2. c4 c6 3. Nc3 Nf6 4. Nf3 h6 5. Bf4 Bf5
6. e3 Nbd7 7. Bd3 Bxd3 8. Qxd3 e6 9. a3 Be7 10. O-O Nb6 11. b3 c5 12. cxd5
Nfxd5 13. Bg3 Nxc3 14. Qxc3 cxd4 15. Qxd4 O-O 16. a4 Nd5 17. Rfd1 Qa5 18. Rac1
Rfd8 19. Qb2 b6 20. h3 Nb4 21. Qc3 Qa6 22. Rxd8+ Rxd8 23. Be5 Na2 24. Qc4 Qxc4
25. Rxc4 a5 26. Bc7 Rd1+ 27. Kh2 Bd6+ 28. Bxd6 Rxd6 29. Nd4 Nb4 30. Nb5 Rd7 31.
Rc8+ Kh7 32. Rb8 Rd3 33. Rxb6 Rxb3 34. Rb7 f6 35. Ra7 Rb2 36. Nd6 Rxf2 37. Ne8
Kg6 38. Rxg7+ Kf5 39. Nd6+ Ke5 40. Nc4+ Ke4 41. Rg4+ Kd3 42. Nxa5 Nd5 43. Nc4
Nxe3 44. Nxe3 Kxe3 45. Rg3+ Ke2 46. Ra3 Rf5 47. a5 Rb5 48. a6 Rb8 49. a7 Ra8
50. Ra6 e5 51. Rxf6 e4 52. Ra6 e3 53. Kg1 Ke1 54. Ra1+ Kd2 55. Ra2+ Kd1 56.
Ra1+ Kd2 57. Ra2+ Kd1 58. Ra6 h5 59. Rd6+ Ke1 60. Ra6 h4 61. g4 Ke2 62. g5 Rf8
63. Ra2+ Kf3 64. a8=Q+ Rxa8 65. Rxa8 e2 66. Re8 Kg3 67. g6 Kf4 68. g7 1-0

[Event "20e tournoi de Noël"]
[Site "Montigny le Bretonneux"]
[Date "2019.12.29"]
[Round "5.19"]
[White "Delmas, Enzo"]
[Black "Trimbitasu, Elyas"]
[Result "0-1"]
[WhiteElo "1070"]
[BlackElo "1150"]
[Annotator "Rivier,Sylvain"]
[PlyCount "104"]
[EventDate "2019.??.??"]

{Partie viennoise} 1. e4 e5 2. Nf3 Nc6 3. Nc3 Nf6 4. Bc4 Bb4 5. d3 d5 6. O-O
dxc4 7. dxc4 Bxc3 8. Qxd8+ Kxd8 9. Ng5 Ke8 10. f3 Bd4+ 11. Kh1 h6 12. Nh3 Bxh3
13. gxh3 Rg8 14. c3 Bb6 15. b4 a6 16. c5 Ba7 17. Be3 b6 18. Rad1 Rd8 19. f4
exf4 20. Bxf4 Rxd1 21. Rxd1 Nxe4 22. Re1 f5 23. Bxc7 bxc5 24. bxc5 Bxc5 25. Bg3
Kd7 26. Rd1+ Kc8 27. Rd5 g6 28. Rd3 f4 29. Be1 Rd8 30. Rf3 Rd1 31. Rf1 Bf2 32.
Kg2 Bxe1 33. Rxf4 Nxc3 34. Rf6 Kb7 35. Rxg6 Bd2 36. Rd6 Nxa2 37. Kf2 Be1+ 38.
Ke2 Nc3+ 39. Kf1 Rxd6 40. Kxe1 Rd1+ 41. Kf2 a5 42. Kf3 a4 43. Kg4 Rd5 44. h4 a3
45. h5 a2 46. h3 a1=Q 47. Kf4 Qc1+ 48. Kf3 Rd4 49. Kf2 Rd3 50. Kg2 Qe3 51. Kh1
Qg3 52. h4 Rd1# 0-1

[Event "20e tournoi de NoÃ«l"]
[Site "Montigny le Bretonneux"]
[Date "2019.12.29"]
[Round "6.1"]
[White "Chaintreau, Thomas"]
[Black "Fruchard, Cyrille"]
[Result "1/2-1/2"]
[WhiteElo "1565"]
[BlackElo "2283"]
[Annotator "Rivier,Sylvain"]
[PlyCount "68"]
[EventDate "2019.??.??"]

{Gambit dame acceptÃ©} 1. d4 d5 2. Nf3 Nf6 3. c4 dxc4 4. Nc3 e6 5. e3 a6 6. a4
Be7 7. Qc2 Nc6 8. Bxc4 O-O 9. O-O Nb4 10. Qe2 b6 11. Rd1 Bb7 12. Ne5 c5 13. Na2
Nxa2 14. Bxa2 cxd4 15. exd4 Rc8 16. Bc4 a5 17. b3 Nd5 18. Bd2 Bg5 19. Bd3 Bxd2
20. Qxd2 Qe7 21. Rac1 Rfd8 22. Nc4 g6 23. Be4 Nb4 24. Qe3 Bxe4 25. Qxe4 Nd5 26.
h4 Qf6 27. Rd3 Qf4 28. Re1 Qxe4 29. Rxe4 h6 30. Rf3 Rc7 31. Kf1 Rb8 32. Nd6 Rd7
33. Nc4 Rc7 34. Re1 Rbc8 1/2-1/2

[Event "20e tournoi de NoÃ«l"]
[Site "Montigny le Bretonneux"]
[Date "2019.12.29"]
[Round "6.3"]
[White "Delmas-Goyon, Francois"]
[Black "Drouot, Frederic"]
[Result "0-1"]
[WhiteElo "1916"]
[BlackElo "1976"]
[Annotator "Rivier,Sylvain"]
[PlyCount "130"]
[EventDate "2019.??.??"]

{DÃ©fense Petroff, variante moderne} 1. e4 e5 2. Nf3 Nf6 3. d4 exd4 4. e5 Ne4
5. Qxd4 d5 6. exd6 Nxd6 7. Bg5 Nc6 8. Qd2 Be7 9. Nc3 Bg4 10. Be2 Bxf3 11. Bxe7
Qxe7 12. gxf3 O-O-O 13. Qf4 Rhe8 14. O-O-O Qe5 15. Qa4 f5 16. f4 Qa5 17. Qb3
Qb4 18. Qxb4 Nxb4 19. Bf3 c6 20. h4 Na6 21. Rhg1 Re7 22. Rge1 Rxe1 23. Rxe1 Rd7
24. Be2 Nc5 25. b4 Ne6 26. b5 Nxf4 27. bxc6 bxc6 28. Bf3 Kc7 29. Na4 Nb7 30. h5
g6 31. hxg6 hxg6 32. Nb2 Nd6 33. Na4 g5 34. Nc5 Rh7 35. Na6+ Kb6 36. Nb4 c5 37.
Nd5+ Nxd5 38. Bxd5 g4 39. Re6 Kc7 40. Kd2 Kd7 41. Rg6 Re7 42. f3 gxf3 43. Bxf3
Nc4+ 44. Kd1 Ne5 45. Rg3 f4 46. Rh3 Rg7 47. Be4 Ng4 48. Ke2 Re7 49. Rh7 Rxh7
50. Bxh7 Ne5 51. Be4 Kc7 52. Kd2 Kb6 53. Bd5 Kb5 54. Kc3 Ka4 55. Kb2 f3 56. Kc3
f2 57. Bg2 Ka3 58. Kd2 Kxa2 59. Ke2 Kb2 60. Be4 a5 61. Kxf2 a4 62. Ke3 a3 63.
Bd5 c4 64. Kd4 a2 65. Kxe5 Kc3 0-1

[Event "20e tournoi de NoÃ«l"]
[Site "Montigny le Bretonneux"]
[Date "2019.12.29"]
[Round "6.4"]
[White "Appavou, Calixte"]
[Black "Verat-Fayolle, Celian"]
[Result "1-0"]
[WhiteElo "1734"]
[BlackElo "1881"]
[Annotator "Rivier,Sylvain"]
[PlyCount "85"]
[EventDate "2019.??.??"]

{Partie italienne} 1. e4 e5 2. Bc4 Nf6 3. d3 Bc5 4. Nf3 O-O 5. O-O Nc6 6. Bg5
d6 7. h3 Be6 8. Nbd2 h6 9. Be3 Bb6 10. Bxb6 axb6 11. Nh2 Bxc4 12. Nxc4 d5 13.
Nd2 dxe4 14. Nxe4 Nxe4 15. dxe4 Qe7 16. c3 Rfd8 17. Qe2 Qc5 18. a3 Qa5 19. Rad1
Qa4 20. Rd5 Qb3 21. Rfd1 Rxd5 22. Rxd5 Qa2 23. Ng4 Rxa3 24. Nxh6+ Kf8 25. Qf3
gxh6 26. bxa3 Qxa3 27. Rd7 Qc1+ 28. Kh2 Qf4+ 29. Qxf4 exf4 30. Rxc7 Na5 31. g3
fxg3+ 32. Kxg3 Kg7 33. Kg4 b5 34. f4 Kg6 35. f5+ Kf6 36. Kf4 Kg7 37. e5 Kg8 38.
f6 Nb3 39. Kf5 Nd2 40. e6 Nc4 41. Rxc4 fxe6+ 42. Kxe6 bxc4 43. Ke7 1-0